| 000 | 01447aab a2200205 i 4500 | ||
|---|---|---|---|
| 001 | 768714001 | ||
| 003 | CO-MdFUSB | ||
| 005 | 20250304151842.0 | ||
| 008 | 170812s1988 cr ||||| |||| 00| 0 spa d | ||
| 040 |
_aCO-MdFUSB _bspa _cCO-MdFUSB _dCO-MdFUSB |
||
| 041 | _aspa | ||
| 100 | 1 |
_aLongstreth, Bruce _eautor |
|
| 245 | 1 | 3 |
_aLa santidad : _bcómo progresar en su jornada con Dios _c/ Bruce Longstreth |
| 300 |
_aVolumen 1. Número 5 (1988), páginas 99-102 _c: 28 cm. |
||
| 520 | _aEste texto habla sobre la vida de Abraham y su camino hacia la santidad, resaltando su obediencia a Dios y cómo celebró la vida gracias a sus bendiciones. Abraham recibió la promesa de una gran nación y, al obedecer a Dios, dejó su hogar para ir a Canaán. Su relación con Dios se volvió más cercana, y este crecimiento espiritual se ve reflejado en la celebración del destete de su hijo Isaac. También se menciona el proceso de santificación que los cristianos deben seguir, dejando atrás la inmadurez y el apego material para convertirse en personas santas. Se presentan ejemplos de Moisés, Job y David en este proceso. El autor invita a los creyentes a crecer espiritualmente y a reconocer sus áreas de inmadurez para participar en la celebración del destete espiritual. | ||
| 650 | 0 |
_aSantidad _9393 |
|
| 773 | 0 |
_tConquista Cristiana _049446 _960347 _gVolumen 1. Número 5 (1988), páginas 99-102 _qPágina 99 |
|
| 942 | _cANA | ||
| 945 | _aJTF-925 | ||
| 999 |
_c50373 _d50373 |
||